00300nam a2200121Ia 4500003000200000005001700002008004100019020001500060100002500075245001900100260004600119300001300165020260122103739.0180323s9999 xx 000 0 und d a9813047976 aLinardakis, Nikos M. aPharmacology / aUSA:bMichaelis Medical Publicationc1994 a85 pages